[Event "Niederbayrische Einzelmeisterschaft"]
[Site "Niederbayern"]
[Date "2010.06.03"]
[Round "2.5"]
[White "Woitylak, Steffen"]
[Black "Palmi, Herbert"]
[Result "1/2-1/2"]
[WhiteElo "1850"]
[BlackElo "2008"]
[PlyCount "113"]
[EventDate "2010.06.??"]
[EventType "swiss"]
[EventRounds "7"]
[EventCountry "GER"]
[SourceDate "2015.11.02"]
[SourceVersionDate "2015.11.02"]
[WhiteTeam "FC Ergolding 1932"]
[BlackTeam "SC Bayerwald/Regen"]

1. Nf3 c5 2. b3 Nc6 3. Bb2 Nf6 4. e3 a6 5. Be2 d5 6. d4 cxd4 7. Nxd4 Nxd4 8.
Bxd4 Bf5 9. O-O e6 10. Nd2 Be7 11. c4 dxc4 12. Nxc4 O-O 13. Bf3 Ne4 14. Bxe4
Bxe4 15. Qg4 Bg6 16. Rfd1 Qe8 17. Nb6 Rd8 18. Qf3 Qb5 19. Qxb7 Rxd4 20. Rxd4
Bc5 21. Ra4 a5 22. Rc1 Qxb6 23. Qxb6 Bxb6 24. Rc6 Bd8 25. Rc8 e5 26. Ra8 f6 27.
Rc4 Bf5 28. Ra7 Bd3 29. Rc6 e4 30. Rd6 f5 31. Rdd7 Bf6 32. Rxa5 Rc8 33. h3 h6
34. Rda7 f4 35. Ra8 Rxa8 36. Rxa8+ Kf7 37. exf4 Ke6 38. g4 Kd5 39. Kh2 Kd4 40.
Rc8 g5 41. f5 Bf1 42. Rc6 Be5+ 43. Kg1 Bxh3 44. Rxh6 Bxg4 45. Rg6 Bxf5 46. Rxg5
Be6 47. Rg6 Bd5 48. Kf1 Kc5 49. Ke2 Bd4 50. Rg5 Bc3 51. Kd1 Kd4 52. Kc2 Be1 53.
Rf5 Be6 54. Rf8 Ke5 55. Kd1 Bb4 56. Re8 Kd5 57. Rd8+ 1/2-1/2

[Event "Niederbayrische Einzelmeisterschaft"]
[Site "Niederbayern"]
[Date "2010.06.03"]
[Round "2.6"]
[White "Stroeher, Wolfgang"]
[Black "Kleibel, Uwe"]
[Result "1-0"]
[WhiteElo "2003"]
[BlackElo "1880"]
[PlyCount "81"]
[EventDate "2010.06.??"]
[EventType "swiss"]
[EventRounds "7"]
[EventCountry "GER"]
[SourceDate "2015.11.02"]
[SourceVersionDate "2015.11.02"]
[WhiteTeam "SC Straubing"]
[BlackTeam "SC Ortenburg 1894"]

1. e4 e6 2. c4 c5 3. Nc3 d6 4. f4 Nc6 5. Nf3 Nf6 6. d3 Be7 7. Be2 a6 8. O-O Rb8
9. a4 Qc7 10. Kh1 b6 11. Be3 Bb7 12. Qe1 h5 13. f5 Ne5 14. fxe6 fxe6 15. Nxe5
dxe5 16. Qg3 Kd7 17. Qh3 Kd6 18. Rad1 Bc8 19. d4 cxd4 20. Rxd4+ exd4 21. Bf4+
e5 22. Bxe5+ Kc6 23. Qg3 h4 24. Qg5 Bd6 25. Bxf6 gxf6 26. Qd5+ Kd7 27. Rxf6 Qc5
28. Qf7+ Kc6 29. e5 Qxe5 30. Bf3+ Kc5 31. Ne4+ Kb4 32. Rxd6 h3 33. g3 Qf5 34.
Rf6 Qd7 35. Qg6 Qd8 36. Qg5 Bb7 37. Qd2+ Kxc4 38. Nd6+ Qxd6 39. Rxd6 Bxf3+ 40.
Kg1 Kc5 41. Qxd4# 1-0

[Event "Niederbayrische Einzelmeisterschaft"]
[Site "Niederbayern"]
[Date "2010.06.03"]
[Round "2.7"]
[White "Grum, Theodor"]
[Black "Zepke, Armin"]
[Result "0-1"]
[WhiteElo "1773"]
[BlackElo "1989"]
[PlyCount "26"]
[EventDate "2010.06.??"]
[EventType "swiss"]
[EventRounds "7"]
[EventCountry "GER"]
[SourceDate "2015.11.02"]
[SourceVersionDate "2015.11.02"]
[WhiteTeam "SC Grafenau"]
[BlackTeam "SC Bayerwald/Regen"]

1. e4 c6 2. d4 d5 3. exd5 cxd5 4. c4 Nf6 5. Bg5 Ne4 6. Bf4 e6 7. Nc3 Bb4 8.
Qa4+ Nc6 9. Rc1 O-O 10. a3 Bd6 11. Bxd6 Qxd6 12. c5 Qf4 13. Nxe4 Qxc1+ 0-1

[Event "Niederbayrische Einzelmeisterschaft"]
[Site "Niederbayern"]
[Date "2010.06.03"]
[Round "2.8"]
[White "Popp, Michael"]
[Black "Oberpriller, Johannes"]
[Result "1-0"]
[WhiteElo "1989"]
[BlackElo "1800"]
[PlyCount "90"]
[EventDate "2010.06.??"]
[EventType "swiss"]
[EventRounds "7"]
[EventCountry "GER"]
[SourceDate "2015.11.02"]
[SourceVersionDate "2015.11.02"]
[WhiteTeam "TV 1862 Geiselhöring"]
[BlackTeam "FC Ergolding 1932"]

1. Nf3 d5 2. c4 c6 3. e3 Nf6 4. d4 e6 5. Qc2 Bd6 6. b3 O-O 7. Bb2 Nbd7 8. Bd3
Re8 9. Ne5 dxc4 10. bxc4 Qa5+ 11. Bc3 Qc7 12. f4 b6 13. O-O Bb7 14. Nxd7 Qxd7
15. e4 Ng4 16. Rf3 g6 17. Rh3 Bxf4 18. Qe2 e5 19. d5 Rad8 20. Na3 Qe7 21. Nc2
Qc5+ 22. Kf1 Nxh2+ 23. Rxh2 Bxh2 24. Ne3 cxd5 25. exd5 e4 26. Bc2 Be5 27. Qd2
Ba6 28. Bb3 b5 29. Ng4 bxc4 30. Ba4 Rxd5 31. Qc2 Bxc3 32. Qxc3 Rf5+ 33. Ke2 Rd8
34. Nh6+ Kf8 35. Nxf5 Qxf5 36. Rf1 Qh5+ 37. Ke1 Qh4+ 38. g3 Qg5 39. Rf4 Bb7 40.
Qh8+ Ke7 41. Qc3 Rd6 42. Qb4 Qxg3+ 43. Rf2 e3 44. Qxb7+ Kd8 45. Qb8+ Ke7 1-0

[Event "Niederbayrische Einzelmeisterschaft"]
[Site "Niederbayern"]
[Date "2010.06.03"]
[Round "2.9"]
[White "Gerl, Hans-Peter"]
[Black "Thanner, Daniel"]
[Result "0-1"]
[WhiteElo "1707"]
[BlackElo "1722"]
[PlyCount "78"]
[EventDate "2010.06.??"]
[EventType "swiss"]
[EventRounds "7"]
[EventCountry "GER"]
[SourceDate "2015.11.02"]
[SourceVersionDate "2015.11.02"]
[WhiteTeam "SC Straubing"]
[BlackTeam "SC Ortenburg 1894"]

1. d4 d5 2. Nf3 Nf6 3. Bf4 e6 4. e3 Bd6 5. Bxd6 cxd6 6. c4 O-O 7. cxd5 exd5 8.
Nbd2 Nc6 9. Be2 h6 10. O-O Bf5 11. Qb3 Qe7 12. Rac1 Rac8 13. Rfd1 Rc7 14. Bd3
Bxd3 15. Qxd3 Rfc8 16. Qb1 Ne4 17. Nf1 Qd7 18. Ng3 Nxg3 19. hxg3 Nb4 20. a3
Rxc1 21. Rxc1 Rxc1+ 22. Qxc1 Qc6 23. Qd2 Na6 24. Ne1 Nb8 25. Nd3 Qb5 26. Nf4
Nd7 27. Qc2 Qc4 28. Qxc4 dxc4 29. Nd5 Nf6 30. Nxf6+ gxf6 31. Kf1 d5 32. Ke2 f5
33. Kd2 Kf8 34. Kc3 a5 35. g4 fxg4 36. e4 h5 37. g3 dxe4 38. d5 e3 39. fxe3 h4
0-1

[Event "Niederbayrische Einzelmeisterschaft"]
[Site "Niederbayern"]
[Date "2010.06.03"]
[Round "2.10"]
[White "Haider, Andreas"]
[Black "Schultes, Christoph"]
[Result "0-1"]
[WhiteElo "1563"]
[BlackElo "1707"]
[PlyCount "112"]
[EventDate "2010.06.??"]
[EventType "swiss"]
[EventRounds "7"]
[EventCountry "GER"]
[SourceDate "2015.11.02"]
[SourceVersionDate "2015.11.02"]
[WhiteTeam "SV Aham"]
[BlackTeam "SK Landau-Dingolfing"]

1. e4 c5 2. Nc3 Nc6 3. Nf3 g6 4. Bc4 e6 5. d4 cxd4 6. Nxd4 a6 7. O-O Bg7 8.
Nxc6 bxc6 9. Bd2 Ne7 10. Qe1 d5 11. exd5 cxd5 12. Bb3 O-O 13. Na4 Bd7 14. Qc1
Nf5 15. Re1 Rb8 16. Nc5 Bc8 17. Nd3 a5 18. Ne5 Ra8 19. c3 Ba6 20. Nf3 Nd6 21.
Bg5 Bf6 22. Bh6 Re8 23. Ba4 Bb5 24. Bxb5 Nxb5 25. Bg5 Nd6 26. Bxf6 Qxf6 27. Nd2
Rec8 28. Re3 a4 29. Rf3 Qg7 30. Qc2 a3 31. b3 Nb5 32. Rc1 Nd4 33. Qd3 Nxf3+ 34.
Nxf3 Rc7 35. Nd4 Rac8 36. g3 Qe5 37. f3 Rc5 38. Qd2 Kg7 39. b4 Rc4 40. f4 Rxd4
41. cxd4 Rxc1+ 42. Kf2 Qe4 43. Qxc1 Qxd4+ 44. Qe3 Qxb4 45. Qe5+ Kg8 46. h4 Qb2+
47. Qe2 Qxe2+ 48. Kxe2 Kf8 49. Kd3 Ke7 50. Kc3 f6 51. Kb3 Kd6 52. Kxa3 e5 53.
fxe5+ fxe5 54. Kb3 Kc5 55. a4 h5 56. Kc3 d4+ 0-1

[Event "Niederbayrische Einzelmeisterschaft"]
[Site "Niederbayern"]
[Date "2010.06.03"]
[Round "2.11"]
[White "Staller, Josef"]
[Black "Reich, Christian"]
[Result "1/2-1/2"]
[WhiteElo "1676"]
[BlackElo "1564"]
[PlyCount "151"]
[EventDate "2010.06.??"]
[EventType "swiss"]
[EventRounds "7"]
[EventCountry "GER"]
[SourceDate "2015.11.02"]
[SourceVersionDate "2015.11.02"]
[WhiteTeam "SC Rottal"]
[BlackTeam "SC Straubing"]

1. e4 c5 2. Nf3 d6 3. d4 cxd4 4. Bb5+ Nc6 5. Bxc6+ bxc6 6. Qxd4 c5 7. Qd5 Bd7
8. Bg5 Nf6 9. Bxf6 exf6 10. Nbd2 Rc8 11. O-O Be7 12. Nc4 Be6 13. Qd3 O-O 14.
Rad1 Bxc4 15. Qxc4 Qb6 16. b3 Rfd8 17. Nh4 g6 18. Nf3 Qc6 19. Rfe1 Rb8 20. h4
Rb4 21. Qe2 h5 22. c3 Rbb8 23. Nd2 Re8 24. Nc4 Bf8 25. Qf3 Kg7 26. g4 hxg4 27.
Qxg4 Rbd8 28. Rd5 Qxd5 29. exd5 Rxe1+ 30. Kg2 f5 31. Qg3 Re4 32. Kf1 Rg4 33.
Qh3 Be7 34. Ne3 Rxh4 35. Qg3 Rh5 36. Ke2 Re8 37. Kd3 Kf8 38. Nc4 Rd8 39. Na5
Bf6 40. Kc4 Be5 41. f4 Bf6 42. Nc6 Rd7 43. Kb5 Rh4 44. Na5 Rg4 45. Qf3 Rh4 46.
Kc6 Rd8 47. Nb7 Rc8+ 48. Kxd6 Kg7 49. Na5 Rhh8 50. Nc6 Bd8 51. Kxc5 Bb6+ 52.
Kb5 Rhe8 53. c4 Re3 54. Qh1 Bc7 55. Qa1+ f6 56. Qd4 Bb6 57. c5 Re4 58. Qd2 Bd8
59. d6 a6+ 60. Kxa6 Rxc6+ 61. Kb5 Rc8 62. Qd5 Rb8+ 63. Ka6 Reb4 64. Qc6 g5 65.
fxg5 fxg5 66. Ka7 f4 67. Qd5 R8b7+ 68. Qxb7+ Rxb7+ 69. Kxb7 f3 70. c6 f2 71. c7
Bxc7 72. dxc7 f1=Q 73. c8=Q Qb5+ 74. Ka7 Qa5+ 75. Kb7 Qxa2 76. Qe6 1/2-1/2

[Event "Niederbayrische Einzelmeisterschaft"]
[Site "Niederbayern"]
[Date "2010.06.03"]
[Round "2.12"]
[White "Westenthanner, Paul"]
[Black "Angermeier, Gerhard"]
[Result "0-1"]
[WhiteElo "1549"]
[BlackElo "1668"]
[PlyCount "102"]
[EventDate "2010.06.??"]
[EventType "swiss"]
[EventRounds "7"]
[EventCountry "GER"]
[SourceDate "2015.11.02"]
[SourceVersionDate "2015.11.02"]
[WhiteTeam "SK Landshut"]
[BlackTeam "SC Rottal"]

1. c3 d5 2. d4 Nc6 3. Nf3 Nf6 4. Nbd2 e6 5. Qc2 Bd6 6. e4 dxe4 7. Nxe4 h6 8.
Bd3 O-O 9. h4 Re8 10. g4 Nxg4 11. Rg1 e5 12. d5 Ne7 13. c4 c5 14. Be3 f5 15.
Nxd6 Qxd6 16. Be2 e4 17. Nd2 Ng6 18. Bxg4 fxg4 19. Nxe4 Qh2 20. O-O-O Ne5 21.
Rh1 Qg2 22. Rdg1 Qf3 23. Nxc5 Bf5 24. Qd1 b6 25. Qxf3 Nxf3 26. Na6 Rac8 27. Rg3
Rxc4+ 28. Kd1 Rd8 29. Ke2 Rc2+ 30. Kf1 Rxd5 31. Kg2 Rxb2 32. Rc1 Ra5 33. Nb8
Raxa2 34. Nc6 Kf7 35. Nd4 Nxd4 36. Bxd4 Rc2 37. Rc3 Rxc1 38. Rxc1 g6 39. Be3 h5
40. Kg3 Ke6 41. Rc7 Kd5 42. Kg2 Ra4 43. Kg3 Kd6 44. Rc1 b5 45. Rc5 a6 46. Rc1
Kd5 47. Bd2 Ra3+ 48. Kg2 a5 49. Rc7 b4 50. Ra7 Kc4 51. Ra8 Be4+ 0-1

[Event "Niederbayrische Einzelmeisterschaft"]
[Site "Niederbayern"]
[Date "2010.06.03"]
[Round "2.13"]
[White "Lichtmannecker, Hans-Juergen"]
[Black "Thurnbauer, Alois"]
[Result "1/2-1/2"]
[WhiteElo "1666"]
[BlackElo "1534"]
[PlyCount "130"]
[EventDate "2010.06.??"]
[EventType "swiss"]
[EventRounds "7"]
[EventCountry "GER"]
[SourceDate "2015.11.02"]
[SourceVersionDate "2015.11.02"]
[WhiteTeam "SV Aham"]
[BlackTeam "SV Deggendorf"]

1. d4 Nf6 2. Nc3 d5 3. Bg5 e6 4. e4 dxe4 5. Nxe4 Be7 6. Bxf6 Bxf6 7. c3 O-O 8.
Nf3 b6 9. Bd3 Bb7 10. Qc2 Nd7 11. O-O-O a5 12. Rhe1 a4 13. a3 Qe7 14. Bb5 c5
15. Bxd7 Bxe4 16. Qxe4 Qxd7 17. dxc5 Qb5 18. cxb6 Qxb6 19. Qc2 g6 20. Re4 Rfb8
21. Rb4 Qa7 22. Rxb8+ Rxb8 23. g3 h5 24. Nd4 Qb6 25. f4 e5 26. fxe5 Bxe5 27.
Ne2 Bf6 28. Kb1 Be7 29. Ka2 Qe6+ 30. Ka1 Qb6 31. Nf4 Bg5 32. Rd4 Bxf4 33. Rxf4
Re8 34. Rxa4 Re1+ 35. Ka2 Qe6+ 36. c4 Re2 37. Ra8+ Kh7 38. Qc3 f6 39. Ra7+ Kh6
40. Qb4 Rxh2 41. Re7 Qg4 42. c5 Qxg3 43. c6 Rc2 44. Qb7 Qf3 45. Rh7+ Kg5 46.
Qb5+ Qf5 47. Qxf5+ Kxf5 48. c7 Ke6 49. Kb1 Rc6 50. b4 Kd6 51. Rh6 Kxc7 52. Rxg6
Rc3 53. Kb2 Rf3 54. a4 Kb6 55. Rh6 Rf2+ 56. Kb3 Rf3+ 57. Kc2 Rf4 58. a5+ Kb5
59. Rxh5+ Kxb4 60. a6 Rc4+ 61. Kd3 Rc6 62. Rh4+ Kb5 63. a7 Ra6 64. Rh7 Kb6 65.
Rf7 Rxa7 1/2-1/2

[Event "Niederbayrische Einzelmeisterschaft"]
[Site "Niederbayern"]
[Date "2010.06.03"]
[Round "2.14"]
[White "Woestmann, Oliver"]
[Black "Haimerl, Willibald"]
[Result "1-0"]
[WhiteElo "1386"]
[BlackElo "1640"]
[PlyCount "107"]
[EventDate "2010.06.??"]
[EventType "swiss"]
[EventRounds "7"]
[EventCountry "GER"]
[SourceDate "2015.11.02"]
[SourceVersionDate "2015.11.02"]
[WhiteTeam "SV Aham"]
[BlackTeam "SV Deggendorf"]

1. c4 Nf6 2. Nc3 g6 3. g3 Bg7 4. Bg2 O-O 5. Nf3 d6 6. d4 Nbd7 7. O-O Re8 8. Re1
c6 9. e4 e5 10. d5 c5 11. Be3 a6 12. a4 Nh5 13. Qd2 f5 14. exf5 gxf5 15. Bh6
Bf6 16. Bg5 Nf8 17. Bxf6 Qxf6 18. Qg5+ Qxg5 19. Nxg5 Kg7 20. f4 e4 21. Rab1 Bd7
22. b4 h6 23. Nh3 Rab8 24. bxc5 dxc5 25. Rb6 Nf6 26. Nf2 Bc8 27. Bh3 N8d7 28.
Rb2 Kg6 29. Nfd1 h5 30. Ne3 Ng4 31. Bg2 Nxe3 32. Rxe3 Rf8 33. Nd1 Rf6 34. Reb3
Rd6 35. Ne3 b6 36. h3 Nf6 37. a5 b5 38. cxb5 axb5 39. Rxb5 Rxb5 40. Rxb5 Nxd5
41. Nxd5 Rxd5 42. Rb6+ Kg7 43. Rc6 Bd7 44. Rc7 Kf6 45. a6 Rd1+ 46. Kf2 Ke6 47.
Rxc5 Rd2+ 48. Kg1 Rd1+ 49. Bf1 Ra1 50. Kf2 Ra3 51. Bc4+ Kf6 52. Rc7 Ke7 53. Bb5
Ra2+ 54. Ke3 1-0

[Event "Niederbayrische Einzelmeisterschaft"]
[Site "Niederbayern"]
[Date "2010.06.03"]
[Round "2.15"]
[White "Oberberger, Hans"]
[Black "Schubert, Heinz"]
[Result "1/2-1/2"]
[WhiteElo "1636"]
[BlackElo "1505"]
[PlyCount "76"]
[EventDate "2010.06.??"]
[EventType "swiss"]
[EventRounds "7"]
[EventCountry "GER"]
[SourceDate "2015.11.02"]
[SourceVersionDate "2015.11.02"]
[WhiteTeam "SV Deggendorf"]
[BlackTeam "TV 1862 Geiselhöring"]

1. d4 d5 2. Nf3 Nf6 3. Bf4 e6 4. e3 Nbd7 5. Be2 c5 6. O-O c4 7. c3 Be7 8. h3
Nb6 9. Nbd2 h6 10. Qc2 O-O 11. Ne5 Nbd7 12. f3 Nxe5 13. Bxe5 Bd6 14. f4 Bxe5
15. fxe5 Nh7 16. b3 b5 17. Nf3 Ng5 18. Rae1 Nxf3+ 19. Rxf3 f5 20. exf6 Rxf6 21.
Rxf6 Qxf6 22. e4 Qg6 23. Kh2 Bb7 24. Bf3 Rf8 25. Qe2 Qf6 26. e5 Qf4+ 27. Kg1
Qg3 28. Rf1 Bc6 29. Rf2 Be8 30. bxc4 bxc4 31. Bg4 Bd7 32. Rxf8+ Kxf8 33. Qf2+
Qxf2+ 34. Kxf2 a5 35. Kg3 g6 36. h4 Kg7 37. Kf4 Kf7 38. Bd1 Kg7 1/2-1/2

[Event "Niederbayrische Einzelmeisterschaft"]
[Site "Niederbayern"]
[Date "2010.06.03"]
[Round "2.16"]
[White "Lenhard, Alexander"]
[Black "Grigore-Nikolitsch, Corneliu"]
[Result "0-1"]
[WhiteElo "1240"]
[BlackElo "1633"]
[PlyCount "64"]
[EventDate "2010.06.??"]
[EventType "swiss"]
[EventRounds "7"]
[EventCountry "GER"]
[SourceDate "2015.11.02"]
[SourceVersionDate "2015.11.02"]
[WhiteTeam "ESK Plattling"]
[BlackTeam "SC Rottal"]

1. e4 c5 2. Nf3 a6 3. Nc3 e6 4. d4 cxd4 5. Nxd4 g6 6. Bd3 Bg7 7. Be3 Nc6 8.
Nxc6 bxc6 9. Na4 Rb8 10. Rb1 d5 11. O-O d4 12. Bf4 e5 13. Bd2 Ne7 14. f4 f5 15.
fxe5 O-O 16. Bc4+ Kh8 17. exf5 Nxf5 18. Bf4 Qa5 19. b3 Bxe5 20. Qf3 Bd7 21. b4
Qc7 22. Bxe5+ Qxe5 23. Rbe1 Qg7 24. Qd3 Ne3 25. Rxf8+ Rxf8 26. Bxa6 Bf5 27. Qd2
Nxc2 28. Rf1 Ne3 29. Rc1 Qf6 30. Be2 Bg4 31. h3 Qf2+ 32. Kh1 Qxg2# 0-1

[Event "Niederbayrische Einzelmeisterschaft"]
[Site "Niederbayern"]
[Date "2010.06.03"]
[Round "2.17"]
[White "Ertl, Helmut"]
[Black "Seidl, Josef"]
[Result "1-0"]
[WhiteElo "1627"]
[BlackElo "1315"]
[PlyCount "129"]
[EventDate "2010.06.??"]
[EventType "swiss"]
[EventRounds "7"]
[EventCountry "GER"]
[SourceDate "2015.11.02"]
[SourceVersionDate "2015.11.02"]
[WhiteTeam "SV Deggendorf"]
[BlackTeam "TSV Kreuzberg"]

1. d4 g6 2. c4 d6 3. Nf3 Bg7 4. Nc3 Nf6 5. e3 Nbd7 6. Qc2 O-O 7. Bd3 Re8 8. O-O
e5 9. dxe5 Nxe5 10. Nxe5 Rxe5 11. b3 c6 12. Bb2 Re8 13. Rad1 Qc7 14. Ne4 Nh5
15. Bxg7 Kxg7 16. Be2 Bf5 17. Qc3+ Kg8 18. Nxd6 Re6 19. Nxf5 gxf5 20. Bxh5 Rh6
21. Bxf7+ Kxf7 22. g3 Rg6 23. Qd4 b6 24. Qd7+ Qxd7 25. Rxd7+ Kg8 26. Rfd1 a5
27. Rc7 c5 28. Rdd7 Rh6 29. h4 a4 30. Ra7 Rxa7 31. Rxa7 axb3 32. axb3 Rd6 33.
Kg2 h5 34. Kf3 Rd3 35. Ra3 Kg7 36. Ke2 Rd6 37. Ra2 b5 38. cxb5 Rb6 39. Ra5 Kf7
40. Kd3 Ke7 41. Kc4 Rd6 42. Ra2 Rd1 43. Kxc5 Rc1+ 44. Kd4 Ke6 45. b6 Rd1+ 46.
Kc3 Rd8 47. b7 Rb8 48. Ra7 Ke5 49. Ra5+ Ke4 50. Ra4+ Kf3 51. Rf4+ Kg2 52. Rxf5
Rxb7 53. e4 Re7 54. e5 Rc7+ 55. Kb2 Rh7 56. b4 Kh3 57. Kb3 Kg4 58. Rf4+ Kh3 59.
Kc4 Re7 60. Kd5 Kg2 61. b5 Rg7 62. b6 Rg4 63. b7 Rg8 64. e6 Rb8 65. Rf7 1-0

[Event "Niederbayrische Einzelmeisterschaft"]
[Site "Niederbayern"]
[Date "2010.06.04"]
[Round "3.1"]
[White "Heiduczek, Josef"]
[Black "Zepke, Armin"]
[Result "1-0"]
[WhiteElo "2168"]
[BlackElo "1989"]
[PlyCount "57"]
[EventDate "2010.06.??"]
[EventType "swiss"]
[EventRounds "7"]
[EventCountry "GER"]
[SourceDate "2015.11.02"]
[SourceVersionDate "2015.11.02"]
[WhiteTeam "SC Rottal"]
[BlackTeam "SC Bayerwald/Regen"]

1. e4 c6 2. Ne2 d5 3. e5 Bf5 4. Ng3 e6 5. Nxf5 exf5 6. d4 Na6 7. c4 Ne7 8. Nc3
Nc7 9. Qb3 Rb8 10. Bd3 dxc4 11. Bxc4 Ned5 12. O-O Be7 13. Nxd5 Nxd5 14. Qh3 Qd7
15. Bd3 g6 16. Bh6 Bf8 17. Bxf8 Kxf8 18. Qh6+ Kg8 19. Rfe1 Qe7 20. Rad1 Qf8 21.
Qh3 Kg7 22. Bxf5 gxf5 23. Qg3+ Kh6 24. e6 Rg8 25. e7 Qg7 26. Qh3+ Kg6 27. Rd3
f4 28. Re5 Qf6 29. Qg4+ 1-0

[Event "Niederbayrische Einzelmeisterschaft"]
[Site "Niederbayern"]
[Date "2010.06.04"]
[Round "3.3"]
[White "Thanner, Daniel"]
[Black "Stroeher, Wolfgang"]
[Result "1/2-1/2"]
[WhiteElo "1722"]
[BlackElo "2003"]
[PlyCount "66"]
[EventDate "2010.06.??"]
[EventType "swiss"]
[EventRounds "7"]
[EventCountry "GER"]
[SourceDate "2015.11.02"]
[SourceVersionDate "2015.11.02"]
[WhiteTeam "SC Ortenburg 1894"]
[BlackTeam "SC Straubing"]

1. e4 Nf6 2. Nc3 e5 3. Nf3 Nc6 4. Bc4 Bb4 5. O-O O-O 6. d3 Bxc3 7. bxc3 d6 8.
h3 Qe7 9. Re1 Be6 10. Bxe6 Qxe6 11. d4 Ne7 12. d5 Qd7 13. c4 b6 14. Nh4 Ng6 15.
Nxg6 hxg6 16. f4 Rfe8 17. Qf3 Qa4 18. fxe5 Rxe5 19. Bb2 Re7 20. Bxf6 gxf6 21.
Qxf6 Rae8 22. Rf1 Qd7 23. Rf4 Rxe4 24. Raf1 Rxf4 25. Rxf4 Qe7 26. Qxe7 Rxe7 27.
Kf2 Kg7 28. Kf3 Re1 29. Re4 Ra1 30. Re7 Rxa2 31. Rxc7 Rxc2 32. Rxa7 Rxc4 33.
Rd7 b5 1/2-1/2

[Event "Niederbayrische Einzelmeisterschaft"]
[Site "Niederbayern"]
[Date "2010.06.04"]
[Round "3.4"]
[White "Palmi, Herbert"]
[Black "Wisnet, Dominic"]
[Result "1/2-1/2"]
[WhiteElo "2008"]
[BlackElo "2167"]
[PlyCount "139"]
[EventDate "2010.06.??"]
[EventType "swiss"]
[EventRounds "7"]
[EventCountry "GER"]
[SourceDate "2015.11.02"]
[SourceVersionDate "2015.11.02"]
[WhiteTeam "SC Bayerwald/Regen"]
[BlackTeam "SC Rottal"]

1. e4 e6 2. d4 d5 3. exd5 exd5 4. Bd3 Nc6 5. c3 Be6 6. Bf4 Bd6 7. Ne2 g5 8.
Bxd6 Qxd6 9. Na3 O-O-O 10. Qa4 Kb8 11. b4 Bd7 12. b5 Nce7 13. Nc2 Nf6 14. Qb3
Rhe8 15. O-O-O Ng4 16. Rdf1 Nxh2 17. Rd1 Ng4 18. Rhf1 f5 19. Nb4 f4 20. Rd2 Ka8
21. Ng1 c5 22. bxc6 Bxc6 23. Nf3 h6 24. Be2 Bd7 25. Nd3 b6 26. Nfe5 Nxe5 27.
Nxe5 Rc8 28. Kb2 Nc6 29. Nxc6 Rxc6 30. Bf3 Be6 31. Re2 Rd8 32. Rfe1 Qd7 33. Re5
Rd6 34. Rxe6 Rxe6 35. Bxd5+ Qxd5 36. Qxd5+ Rxd5 37. Rxe6 h5 38. Re7 f3 39. gxf3
Rf5 40. Rh7 h4 41. Rh5 Kb7 42. Kb3 Rxf3 43. Rxg5 Rxf2 44. Rh5 Rh2 45. Rh6 h3
46. a4 Rh1 47. Kc4 h2 48. Kd5 Ka6 49. Rh7 Rc1 50. Rxh2 Rxc3 51. Kd6 Rc4 52. d5
Rxa4 53. Kd7 Rd4 54. d6 b5 55. Ke6 b4 56. d7 Kb5 57. Rh8 b3 58. d8=Q Rxd8 59.
Rxd8 Kc4 60. Rc8+ Kd3 61. Rd8+ Kc2 62. Rc8+ Kd3 63. Rd8+ Kc2 64. Rc8+ Kb1 65.
Ra8 b2 66. Rxa7 Kc2 67. Rc7+ Kd2 68. Rd7+ Kc2 69. Rc7+ Kd2 70. Rd7+ 1/2-1/2

[Event "Niederbayrische Einzelmeisterschaft"]
[Site "Niederbayern"]
[Date "2010.06.04"]
[Round "3.5"]
[White "Siebert, Joachim"]
[Black "Mueller, Michael"]
[Result "1/2-1/2"]
[WhiteElo "1926"]
[BlackElo "2009"]
[PlyCount "36"]
[EventDate "2010.06.??"]
[EventType "swiss"]
[EventRounds "7"]
[EventCountry "GER"]
[SourceDate "2015.11.02"]
[SourceVersionDate "2015.11.02"]
[WhiteTeam "SK Landshut"]
[BlackTeam "SC Bayerwald/Regen"]

1. d4 d6 2. Nf3 g6 3. c4 Bg7 4. Nc3 e5 5. e4 exd4 6. Nxd4 Ne7 7. Be3 O-O 8. Be2
Nbc6 9. O-O f5 10. f3 fxe4 11. fxe4 Rxf1+ 12. Kxf1 Nxd4 13. Bxd4 Bxd4 14. Qxd4
Nc6 15. Qd5+ Kg7 16. Kg1 Qe7 17. Rf1 Be6 18. Qd2 Ne5 1/2-1/2

[Event "Niederbayrische Einzelmeisterschaft"]
[Site "Niederbayern"]
[Date "2010.06.04"]
[Round "3.7"]
[White "Schultes, Christoph"]
[Black "Schindlbeck, Tobias"]
[Result "0-1"]
[WhiteElo "1707"]
[BlackElo "1939"]
[PlyCount "120"]
[EventDate "2010.06.??"]
[EventType "swiss"]
[EventRounds "7"]
[EventCountry "GER"]
[SourceDate "2015.11.02"]
[SourceVersionDate "2015.11.02"]
[WhiteTeam "SK Landau-Dingolfing"]
[BlackTeam "FC Ergolding 1932"]

1. d4 d5 2. c4 e6 3. Nf3 Nf6 4. g3 c6 5. Bg2 Bd6 6. Nbd2 O-O 7. Qc2 Nbd7 8. O-O
Re8 9. e4 dxe4 10. Nxe4 Nxe4 11. Qxe4 e5 12. dxe5 Nxe5 13. Qc2 Qf6 14. Nxe5
Bxe5 15. Re1 Bf5 16. Qb3 Bd4 17. Be3 Bxb2 18. Rad1 Re7 19. Bc5 Rxe1+ 20. Rxe1
b6 21. Be3 Rd8 22. Qa4 Qc3 23. Rd1 Rxd1+ 24. Qxd1 h6 25. Bxc6 Qxc4 26. Bd5 Qd3
27. Qxd3 Bxd3 28. a4 Be5 29. Kg2 Bc2 30. Bc6 Kf8 31. a5 Bc7 32. axb6 Bxb6 33.
Bxb6 axb6 34. Bb5 Ke7 35. Kf3 Kd6 36. Ke3 Kc5 37. Be2 b5 38. Kd2 Bf5 39. Kc3
b4+ 40. Kb3 Be6+ 41. Kb2 Bc4 42. Bf3 Kd4 43. Kc2 Bd5 44. Be2 Ke4 45. Kd2 g6 46.
Kc2 Be6 47. Kd2 h5 48. f3+ Kd4 49. Bb5 b3 50. Ba4 Kc4 51. h4 Bf5 52. Bxb3+ Kxb3
53. Ke3 Kc4 54. Kf4 Kd5 55. g4 hxg4 56. fxg4 Bd3 57. h5 gxh5 58. gxh5 Ke6 59.
Kg5 Ke5 60. h6 Bh7 0-1

[Event "Niederbayrische Einzelmeisterschaft"]
[Site "Niederbayern"]
[Date "2010.06.04"]
[Round "3.8"]
[White "Angermeier, Gerhard"]
[Black "Schubert, Josef"]
[Result "0-1"]
[WhiteElo "1668"]
[BlackElo "1922"]
[PlyCount "68"]
[EventDate "2010.06.??"]
[EventType "swiss"]
[EventRounds "7"]
[EventCountry "GER"]
[SourceDate "2015.11.02"]
[SourceVersionDate "2015.11.02"]
[WhiteTeam "SC Rottal"]
[BlackTeam "SK Landshut"]

1. e4 e6 2. d4 d5 3. Nd2 Nf6 4. e5 Nfd7 5. f4 c5 6. c3 Nc6 7. Ngf3 Qb6 8. Nb3
a5 9. dxc5 Nxc5 10. Nbd4 Bd7 11. Bd3 Nxd3+ 12. Qxd3 Be7 13. O-O Rc8 14. Be3
Nxd4 15. Nxd4 Qxb2 16. Rfc1 Qa3 17. Rab1 Rc4 18. Rxb7 Bc8 19. Rb3 Qxa2 20. Rcb1
O-O 21. Qd1 Qa4 22. Nb5 Ba6 23. Ra1 Bxb5 24. Rxa4 Bxa4 25. Qb1 Bxb3 26. Qxb3
Bc5 27. Bxc5 Rxc5 28. Qb6 Rfc8 29. f5 exf5 30. e6 fxe6 31. Qxe6+ Kh8 32. Qxf5
d4 33. Qd3 dxc3 34. Qc2 a4 0-1